000 00577nam a2200205Ia 4500
003 GCL
008 140319s9999 xx 000 0 ara d
040 _aGCL /
_cGCL
082 0 4 _a154.63
_bت ا
100 1 _aتوفيق الطويل
245 1 0 _aالاحلام /
_cتوفيق الطويل
300 _a244 ص
490 _aالهيئة العامة للاستعلامات
_v0
650 0 4 _aالفلسفة
650 0 4 _aالاحلام
650 0 4 _aالرؤيا
650 0 4 _aالنوم
650 0 4 _aالاحلام - الجوانب النفسية
942 _2ddc
_cBK
999 _c50907
_d50907